Statistics for Solve the Secret World City

Click here to take the quiz!

General Stats

  • This quiz has been taken 542 times
  • The average score is 13 of 27

Answer Stats

ScrambleCity% Correct
BENRBern
100%
AEMORRome
100%
AIRPSParis
98%
KOOTYTokyo
97%
AILMNMilan
92%
HABGOOTBogotá
86%
DLNNOOLondon
82%
AADDIMRMadrid
82%
AADLLSDallas
76%
OAADHKMNTUKathmandu
75%
MAAHIKNSSKinshasa
59%
AEIILMNNOPSMinneapolis
44%
AIIJNNTTianjin
44%
AACHIKRKarachi
40%
KACEHINNChennai
29%
AAAAADGJLURGuadalajara
27%
AABCELNORBarcelona
24%
YABEGHJNNORSUJohannesburg
24%
ADEMORRTTRotterdam
22%
ACENORUVVVancouver
21%
OAAADEILNRXAlexandria
18%
ABGHIIMMNRBirmingham
14%
ACCIIINNNTCincinnati
14%
AABCENRRCanberra
13%
AAHKMOOYYOKOHAMA
13%
ABBEINRSBrisbane
12%
DEEILLMNMedellín
12%

Score Distribution

Percentile by Number Answered

Percent of People with Each Score

Your Score History

You have not taken this quiz